Análisis del efecto de la adición de cloruro de calcio en la viscocidad y la estabilidad de las emulsiones asfálticas de rompimiento lento
Na minha lista:
| Autor principal: | |
|---|---|
| Formato: | Livro |
| Idioma: | Spanish |
| Publicado em: |
San José, Costa Rica
2016
|
| Assuntos: | |
| Tags: |
Adicionar Tag
Sem tags, seja o primeiro a adicionar uma tag!
|
MARC
| LEADER | 00000nam a22000007a 4500 | ||
|---|---|---|---|
| 003 | 012558 | ||
| 005 | 20221231144143.0 | ||
| 008 | 170301b2016 cr a|||| m||| 00| ||spa d | ||
| 040 | |c cru CEDI | ||
| 090 | |a TFG 7709 | ||
| 100 | |9 6762 |a Valverde Vega, Jesús Armando | ||
| 245 | |a Análisis del efecto de la adición de cloruro de calcio en la viscocidad y la estabilidad de las emulsiones asfálticas de rompimiento lento | ||
| 260 | |a San José, Costa Rica |c 2016 | ||
| 300 | |a xvii, 56[54] hojas ; ilustraciones a color | ||
| 500 | |a Proyecto de graduación (licenciatura en ingeniería química)--Universidad de Costa Rica. Facultad de Ingeniería. Escuela de Ingeniería Química | ||
| 650 | |x CLORURO DE CALCIO - PRUEBAS |x CONTROL DE PROCESOS QUIMICOS |x MEZCLAS DE EMULSION ASFALTICA |x MATERIALES PARA CARRETERAS |x EMULSIONES ASFALTICAS |9 6763 | ||
| 942 | |c TFG | ||
| 999 | |c 17675 |d 17675 | ||
